00867nam a2200217 a 4500001001000000003000500010005001700015008004100032010001100073011001100084040000900095100002700104245017300131260006500304300001100369502010900380650004700489650003000536650004200566650004100608000111408CHAP20220329144209.0150408s2013 mx |rm |0|||||spa d a107870 a108842 cCHAP1 aPineda Manzano, Ulises10aParticipación comunitaria en la protección de los recursos forestales del ejido San Nicolas de los Montes, Tamasopo, San Luis Potosí /cpor Ulises Pineda Manzano. aUniversidad Autónoma San Luis Potosí :bEl autor,c2013. a157 h. aTesis (M. C. en Ciencias Ambientales) -- UASLP. Facultad de Ciencias Químicas, Ingeniería y Medicina14aDesarrollo sustentablezSan Luis Potosí.14aParticipación ciudadana14aRecursos forestalesxAprovechamiento.14aRecursos forestalesxConservación.